Deutscher Kanzler-Eid - Statistiken

Allgemein
  • Dieses Quiz wurde 106 mal gespielt
  • Das Durchschnittsergebnis liegt bei 15 aus 39
Antwortstatistiken
Antwort % Korrekt
Ich
99%
ich
99%
schwöre,
94%
das
84%
dass
68%
die
65%
Deutschen
52%
dem
51%
und
45%
und
45%
und
45%
werde.
45%
meine
39%
meine
39%
des
38%
des
38%
Kraft
36%
Grundgesetz
35%
Bundes
33%
Volkes
33%
Gesetze
28%
von
28%
widmen,
28%
Schaden
26%
Wohle
26%
mehren,
25%
verteidigen,
25%
jedermann
23%
wahren
23%
gegen
22%
ihm
22%
seinen
22%
wenden,
22%
Gerechtigkeit
20%
Nutzen
20%
üben
20%
Pflichten
17%
erfüllen
16%
gewissenhaft
14%
Keine übereinstimmenden Quizze gefunden
Verteilung der Resultate
Anzahl Personen mit jedem Resultat
Perzentil nach korrekt beantworteten Fragen
Ihre Resultats-Entwicklung
Sie haben dieses Quiz noch nicht gespielt